<?xml version="1.0" encoding="UTF-8"?>
<collection xmlns="http://www.loc.gov/MARC21/slim">
 <record>
  <leader>     na                 </leader>
  <controlfield tag="001">INLIS000000000000027</controlfield>
  <controlfield tag="005">20221110051536</controlfield>
  <datafield tag="035" ind1=" " ind2=" ">
   <subfield code="a">0010-0520000027</subfield>
  </datafield>
  <controlfield tag="008">221110                |          | ind  </controlfield>
  <datafield tag="020" ind1=" " ind2=" ">
   <subfield code="a">-</subfield>
  </datafield>
  <datafield tag="041" ind1=" " ind2=" ">
   <subfield code="a">ind</subfield>
  </datafield>
  <datafield tag="082" ind1=" " ind2=" ">
   <subfield code="a">347.04</subfield>
  </datafield>
  <datafield tag="084" ind1=" " ind2=" ">
   <subfield code="a">347.04 IDA p</subfield>
  </datafield>
  <datafield tag="100" ind1="0" ind2=" ">
   <subfield code="a">Ida Syafrida Harahap</subfield>
  </datafield>
  <datafield tag="245" ind1="1" ind2=" ">
   <subfield code="a">Pengadilan Tipikor Pasca Putusan MK :</subfield>
   <subfield code="b">Kajian Akademis &amp; Draft RUU Pengadilan Tipikor Baru /</subfield>
   <subfield code="c">Ida Syafrida Harahap</subfield>
  </datafield>
  <datafield tag="260" ind1=" " ind2=" ">
   <subfield code="a">Jakarta :</subfield>
   <subfield code="b">MTI,</subfield>
   <subfield code="c">2007</subfield>
  </datafield>
  <datafield tag="300" ind1=" " ind2=" ">
   <subfield code="a">x, 146 p.; 17 x 24 cm ;</subfield>
   <subfield code="c">17 x 24 cm</subfield>
  </datafield>
  <datafield tag="520" ind1=" " ind2=" ">
   <subfield code="a">Untuk kesekian kalinya, Mahkamah Konstitusi membuat keputusan yang menyulut kontroversi di masyarakat. Putusan MK dalam perkara No. 012-016-019/PUU-IV/2006 tanggal 19 Desember 2006 tentang Pengadilan Tipikor adalah contoh mutakhir. Keputusan MK itu disambut pro dan kontra oleh sejumlah kalangan. Sebagian yang kontra berpendapat bahwa keputusan MK itu mengacaukan hukum dan peradilan di Indonesia, dan amat merusak citra MK sendiri. Sebagaimana dikemukakan oleh Adnan Buyung Nasution, putusan MK tersebut benar-benar kontradiktif , bahkan sudah diluar logika hukum, karena dengan putusan tersebuut berarti di satu pihak MK mengakui secara eksplisit bahwa keberadaan Pengadilan Tipikor bertentangan dengan UUD 1945 atau tegasnya inkonstitusional. Namun, dengan keputusan yang sama, MK dengan sadar dan sengaja mengizinkan suatu pelanggaran konstitusi dengan membolehkan Pengadilan Tipikor berjalan terus selama tiga tahun ke depan sampai dibentuknya UU tipikor tersendiri. Pengacara senior itu mempertanyakan, bagaimana mungkin MK yang diberi tugas menjaga dan menjadi benteng tegaknya konstitusi justru bertindak sebaliknya, yaitu dengan sadar dan dengan penuh kesengajaan membiarkan sekaligus memberikan legitimasi terhadap Pengadilan Tipikor yang secara substansif sudah dinyatakan sendiri melanggar UUD 1945.</subfield>
  </datafield>
  <datafield tag="650" ind1=" " ind2="4">
   <subfield code="a">Hak Asasi Manusia</subfield>
  </datafield>
  <datafield tag="990" ind1=" " ind2=" ">
   <subfield code="a">05637/MKRI-P/VII-2008</subfield>
  </datafield>
  <datafield tag="990" ind1=" " ind2=" ">
   <subfield code="a">05636/MKRI-P/VII-2008</subfield>
  </datafield>
  <datafield tag="990" ind1=" " ind2=" ">
   <subfield code="a">05634/MKRI-P/VII-2008</subfield>
  </datafield>
  <datafield tag="990" ind1=" " ind2=" ">
   <subfield code="a">05635/MKRI-P/VII-2008</subfield>
  </datafield>
  <datafield tag="990" ind1=" " ind2=" ">
   <subfield code="a">05634/MKRI-P/VII-2008</subfield>
  </datafield>
  <datafield tag="990" ind1=" " ind2=" ">
   <subfield code="a">05637/MKRI-P/VII-2008</subfield>
  </datafield>
  <datafield tag="990" ind1=" " ind2=" ">
   <subfield code="a">05636/MKRI-P/VII-2008</subfield>
  </datafield>
  <datafield tag="990" ind1=" " ind2=" ">
   <subfield code="a">05635/MKRI-P/VII-2008</subfield>
  </datafield>
  <datafield tag="990" ind1=" " ind2=" ">
   <subfield code="a">05635/MKRI-P/VII-2008</subfield>
  </datafield>
  <datafield tag="990" ind1=" " ind2=" ">
   <subfield code="a">05637/MKRI-P/VII-2008</subfield>
  </datafield>
  <datafield tag="990" ind1=" " ind2=" ">
   <subfield code="a">05636/MKRI-P/VII-2008</subfield>
  </datafield>
  <datafield tag="990" ind1=" " ind2=" ">
   <subfield code="a">05634/MKRI-P/VII-2008</subfield>
  </datafield>
 </record>
</collection>
